• 首页
  • 本馆介绍
  • 公告通知
  • 最新文献
  • 馆藏检索
  • 电子资源
  • 读者导购
  • 参考咨询
  • 我的图书馆
  • 登录
  • 详细信息显示
  • 放入我的书架
  • 预约/预借图书
  • 作者相关作品
  • 分类相关作品
  • 丛书相关作品
  • 出版社相关作品

书目信息

  • 表格格式
  • 工作单格式
  • 卡片格式
题名:
家蚕转基因技术及应用
    
 
作者: 赵爱春 , 向仲怀 主编
分册:  
出版信息: 上海   上海科学技术出版社  2017.12
页数: 507页
开本: 24cm
丛书名:
单 册:
中图分类: S881
科图分类:
主题词: 家蚕--转基因技术
电子资源:
ISBN: 978-7-5478-3751-1
000 01202nam0 2200253 450
001 4684
005 20181012154958.70
010    @a978-7-5478-3751-1@b精装@dCNY198.00
100    @a20180315d2017 em y0chiy50 ea
101 0  @achi
102    @aCN@b310000
105    @aa z 000yy
200 1  @a家蚕转基因技术及应用@9jia can zhuan ji yin ji shu ji ying yong@dTransgenic silk worm techniques and applications@f赵爱春,向仲怀主编@zeng
210    @a上海@c上海科学技术出版社@d2017.12
215    @a507页@c图,照片@d24cm
300    @a“十三五”国家重点图书出版规划项目 国家出版基金项目
330    @a本书中内容分12章。系统地介绍了家蚕转基因的技术路线,家蚕转基因的载体构建,外源基因导入技术,转基因家蚕的内外源基因整合、功能检测,基因定点突变家蚕的鉴定与筛选,家蚕转基因中特异序列捕获技术、基因特异性表达调控技术、条件基因打靶技术、基因组编辑技术,转基因家蚕素材创新、滞育性蚕品种转基因体系的建立,转基因家蚕的安全管理和安全评价等。
510 1  @aTransgenic silk worm techniques and applications@zeng
606 0  @a家蚕@x转基因技术
690    @aS881@v5
701  0 @a赵爱春@9zhao ai chun@4主编
701  0 @a向仲怀@9xiang zhong huai@4主编
801  0 @aCN@b91MARC@c20180315
905    @aMuseLib@dS881@e175
    
    家蚕转基因技术及应用=Transgenic silk worm techniques and applications/赵爱春,向仲怀主编.-上海:上海科学技术出版社,2017.12
    507页:图,照片;24cm
    “十三五”国家重点图书出版规划项目 国家出版基金项目
    
    ISBN 978-7-5478-3751-1(精装):CNY198.00
    本书中内容分12章。系统地介绍了家蚕转基因的技术路线,家蚕转基因的载体构建,外源基因导入技术,转基因家蚕的内外源基因整合、功能检测,基因定点突变家蚕的鉴定与筛选,家蚕转基因中特异序列捕获技术、基因特异性表达调控技术、条件基因打靶技术、基因组编辑技术,转基因家蚕素材创新、滞育性蚕品种转基因体系的建立,转基因家蚕的安全管理和安全评价等。
●
相关链接 在E读中查询图书 在五车中查询图书 在当当中查询图书 在豆瓣中查询图书


正题名:家蚕转基因技术及应用     索取号:S881/175         预约/预借

序号 登录号 条形码 馆藏地/架位号 状态 备注
1 1126203   211262033   第二样本阅览室/ [索取号:S881/175] 在馆    
2 1126204   211262042   第三借阅区/ [索取号:S881/175] 在馆    
唐山师范学院图书馆 欢迎您!
大连网信软件有限公司© 版权所有